000 00445pab a2200157 454500
008 180718b1988 xxu||||| |||| 00| 0 eng d
100 _aVenkatesh, V.
245 _aGovernment intervention in the Paddy marketing system - an economic investigation
260 _c1988
300 _a1077-80
362 _aMar.
650 _aAgricultural Marketing - India
700 _aR. Srinivasan
773 _aAgricultural situation in India
909 _a3563
999 _c3563
_d3563